Jeux Vidéo des Licences Nintendo Les plus importants - Statistiques

Statistiques générales
  • Ce quiz a été pris 46 fois
    23 depuis la dernière actualisation
  • Le résultat moyen est 35 sur 231
Statistiques - réponses
Console Jeux % Correct
MARIO BROS (2D) : NES Super Mario bros
94%
Nintendo Ds New Super Mario Bros
67%
MARIO 3D: Nintendo 64 Mario 64
56%
Wii Mario Galaxy
50%
Wii Mario Galaxy 2
50%
Wii U Mario Kart 8
50%
GameCube Mario Sunshine
50%
3DS New Super Mario Bros 2
50%
Licence Zelda : NES The Legend Of Zelda
50%
3DS Mario Kart 7
44%
Switch Mario Kart 8 Deluxe
44%
GameCube Mario kart Double Dash
44%
Wii Mario kart Wii
44%
MARIO PARTY : Nintendo 64 Mario Party
44%
Wii U Mario Party 10
44%
Nintendo 64 Mario Party 2
44%
Nintendo 64 Mario Party 3
44%
GameCube Mario Party 4
44%
GameCube Mario Party 5
44%
GameCube Mario Party 6
44%
GameCube Mario Party 7
44%
Wii Mario Party 8
44%
Wii Mario Party 9
44%
MARIO KART : Super Nintendo Super Mario Kart
44%
3DS Mario 3d Land
39%
Nintendo 64 / DS Mario kart 64
39%
DS Mario Kart DS
39%
Switch Mario Odyssey
39%
Licence Metroid : NES Metroid
39%
PAPER MARIO : Nintendo 64 Paper Mario
39%
Donkey Kong : SuperNintendo Donkey kong Country
33%
GameCube / 3DS Luigi's Mansion
33%
3DS / Switch Luigi's Mansion 2
33%
Switch Luigi's Mansion 3
33%
Wii U Mario 3d World
33%
Switch 2 Mario Kart World
33%
Switch Mario Party Superstars
33%
Wii U New Super Mario Bros U
33%
Wii New Super Mario Bros Wii
33%
Switch Super Mario Party
33%
WII U / Switch Breath Of the Wild
28%
Game Boy Advance Mario Bros 3
28%
DS Mario Party DS
28%
Game Boy avance / Super Nintendo Mario World
28%
Game Boy Pokémon Jaune
28%
Nintendo 64 Super smash bros
28%
Game Boy / Switch Link's awakening
22%
Nintendo 64 Majora's Mask
22%
Game Boy Advance Mario Bros 2
22%
MARIO ET LUIGI : Game Boy Advance Mario et Luigi Superstar Saga
22%
Divers Mario et Sonic aux jeux olympiques
22%
Divers Mario Golf
22%
Game Boy Mario Land
22%
GameCube Métroid Prime
22%
Wii Métroid Prime 3
22%
Switch (2025) Métroid Prime 4
22%
Wii U New Super Luigi U
22%
Nintendo 64 Ocarina Of Time
22%
Wii U Paper Mario Color Splash
22%
Nintendo 64 Pokémon Snap
22%
Switch Super Mario Party Jamboree
22%
SNES Super Métroid
22%
Switch Super Smash Bros. Ultimate
22%
Switch Tears of the Kingdom
22%
GameCube The wind Waker
22%
SuperNintendo / game boy advance A link to the past
17%
Autres Jeux Nintendo Populaire : GameCube Animal Crossing
17%
Nintendo 64 Donkey Kong 64
17%
Switch 2 Donkey Kong Bananza
17%
AUTRES (MARIO, LUIGI, TOAD ) : Game Boy Dr Mario
17%
3DS / Wii U Hyrule Warriors
17%
Game Boy advance Mario kart Super circuit
17%
Game Boy Mario Land 2
17%
3DS Mario Party Star rush
17%
MARIO ET LE SPORTS : Divers Mario Ténis
17%
GameCube Métroid Prime 2
17%
DS Phantom Hourglass
17%
Switch Pokémon épée et Bouclier
17%
DS Pokémon Noir et Blanc
17%
Game Boy Color Pokémon Or et Argent
17%
Licence Pokémon : Game Boy Pokémon Rouge et Bleu
17%
3DS Pokémon X et Y
17%
Wii Skyward Sword
17%
Wii U Splatoon
17%
Wii Super Paper Mario
17%
Wii Super Smash Bros Brawl
17%
GameCube Super smash bros mélée
17%
Game Boy Advance The Minish cap
17%
GameCube Twilight Princess
17%
Divers Wario Ware
17%
Wii Wii Sports
17%
3DS A Link Between Worlds
11%
Switch Animal Crossing New horizon
11%
3DS Animal Crossing New Leaf
11%
Nintendo 64 / DS Diddy Kong Racing
11%
SuperNintendo Donkey Kong Country 2
11%
Wii Donkey Kong Country Returns
11%
Game Boy Advance Four Sword
11%
Game Boy Link's Awakening DX
11%
3DS Majora's Mask 3D
11%
Switch Mario et Luigi L'Épopée fraternelle
11%
DS Mario et Luigi Les Frères du temps
11%
3DS Mario et Luigi Paper Jam Bros
11%
DS Mario et Luigi Voyage au centre de Bowser
11%
3DS Mario Party the top 100
11%
Divers Mario Strickers
11%
Switch Mario Wonder
11%
Switch Métroid Dread
11%
3DS Ocarina Of Time 3D
11%
Game Boy Color Oracle Of Ages
11%
Game Boy Color Oracle Of seasons
11%
GameCube Paper Mario La porte Millénaire
11%
3DS Paper Mario Sticker Star
11%
Switch Paper Mario The Origami King
11%
GameCube / Switch Pikmin
11%
GameCube / Switch Pikmin 2
11%
Wii U Pikmin 3
11%
Switch Pikmin 4
11%
Game Boy Advance Pokémon Emeraude
11%
DS Pokémon platine
11%
Game Boy Advance Pokémon Rubis et Saphir
11%
Nintendo 64 Pokémon Stadium
11%
Switch Skyward Sword HD
11%
DS Spirit Tracks
11%
Switch Splatoon 2
11%
Switch Splatoon 3
11%
Wii U / 3DS Super Mario Maker
11%
Switch Super Mario Maker 2
11%
Super Nintendo / Switch Super Mario RPG
11%
Wii U The Wind Waker HD
11%
3DS Tri Force Heroes
11%
Wii Wii Sports Resorts
11%
DS Animal Crossing Wild World
6%
Switch Arms
6%
Switch Cadence of Hyrule
6%
Switch / 3DS / Wii U captain toad treasure tracker
6%
SuperNintendo Donkey Kong Country 3
6%
Wii U / Switch Donkey Kong Country tropical freeze
6%
GameBoy Donkey Kong Land
6%
GameBoy Donkey Kong Land 2
6%
Switch Echoes of Wisdom
6%
Game Boy Advance Four Swords Adventures
6%
Switch Hyrule Warriors L'Ère du Fléau
6%
Switch Légendes Pokémon Arceus
6%
Switch ( 2025 ) Légendes Pokémon Z-A
6%
Switch Mario Bros U Deluxe
6%
3DS Mario et Luigi Dream Team Bros
6%
Game Boy Advance Mario Party Advance
6%
3DS Mario Party Island Tour
6%
Game boy advance Mario vs Donkey Kong
6%
Game Boy Advance Metroid : Fusion
6%
Game Boy Metroid II : Return of Samus
6%
Wii Metroid : Other M
6%
3DS / Switch Miitopia
6%
Divers Mini Mario
6%
Switch New Pokémon Snap
6%
Game Boy Color Pokémon Cristal
6%
DS Pokémon Diamant et Perle
6%
Switch Pokémon écarlate et Violet
6%
Switch Pokémon Let's go
6%
DS Pokémon Noir 2 et Blanc 2
6%
DS Pokémon Ranger
6%
Game Boy Advance Pokémon Rouge feu, vert feuille
6%
Wii Pokémon Rumble
6%
3DS Pokémon Rumble World
6%
3DS Pokémon Saphir Alpha et Rubis Oméga
6%
3DS Pokémon Soleil et Lune
6%
Nintendo 64 Pokémon Stadium 2
6%
3DS Pokémon Ultra-Soleil et Ultra-Lune
6%
Switch Pokémon Unite
6%
Wii Poképark
6%
Wii Poképark 2
6%
Wii u Pokkén Tournament
6%
3DS Super smash Bros 3DS
6%
Wii U Super smash bros Wii U
6%
3DS Tomodachi Life
6%
Wii / Wii U Twilight Princess HD
6%
Divers Wario Land
6%
Wii Wii Party
6%
Nes Zelda II : The adventure of link
6%
Wii U Animal Crossing Amiibo Festival
0%
3DS Animal Crossing Happy Home Designer
0%
Wii Animal Crossing Let's go to the city
0%
3DS Animal Crossing New Leaf Welcome Amiibo
0%
3DS Détective Pikachu
0%
GameCube / Wii Donkey Kong Jungle Beat
0%
GameBoy Donkey Kong Land III
0%
Switch 2 Hyrule warriors les chroniques du sceau
0%
Switch Le Retour de Détective Pikachu
0%
Wii Link's Crossbow Training
0%
Switch Mario 3d all-star
0%
Game Boy Advance Mario Advance
0%
Divers Mario Baseball
0%
YOSHI ET CIE : Game Boy Mario et Yoshi
0%
Switch Mario + The Lapins Crétins Kingdom Battle
0%
Switch Mario + The Lapins Crétins Sparks of Hope
0%
DS Mario Vs Donkey kong 2
0%
Switch Mario world + bowser's fury
0%
3DS Metroid : Samus Returns
0%
Game Boy Advance Metroid : Zero Mission
0%
Switch nintendo Swtich Sports
0%
Wii Pokémon Battle Révolution
0%
GameCube Pokémon Colosseum
0%
DS Pokémon Dash
0%
DS Pokémon Donjon Mystère Équipe de Secours Bleue
0%
Switch Pokémon Donjon Mystère : Équipe de Secours DX
0%
Game Boy Advance Pokémon Donjon Mystère Équipe de Secours Rouge
0%
DS Pokémon Donjon Mystère : Explorateurs de l’Ombre
0%
DS Pokémon Donjon Mystère : Explorateurs du Ciel
0%
DS Pokémon Donjon Mystère : Explorateurs du Temps
0%
3DS Pokémon Donjon Mystère : Les Portes de l’Infini
0%
DS Pokémon HeartGold et Soulsilver
0%
3DS Pokémon Méga Donjon Mystère
0%
Switch Pokémon Perle scintillante et diamant étincelant
0%
Switch Pokémon Quest
0%
Wii U Pokémon Rumble U
0%
GameCube Pokémon XD : Le Souffle des Ténèbres
0%
Switch Pokkén Tournament DX
0%
3DS Poochy et Yoshi's Woolly World
0%
Switch Ring Fit Adventure
0%
Super Nintendo / game boy advance Super Mario World 2 Yoshi's Island
0%
3ds Super Pokémon Rumble
0%
DS Yoshi island DS
0%
Super Nintendo Yoshi's cookie
0%
Switch Yoshi's Crafted World
0%
Game Boy advance Yoshi's Island Super Mario Advance 3
0%
3DS Yoshi's New Island
0%
Super Nintendo Yoshi's safari
0%
Nintendo 64 Yoshi's Story
0%
Wii U Yoshi's Woolly World
0%
DS Yoshi Touch and Go
0%
Aucun quiz correspondant
Distribution des résultats
% des personnes avec chaque résultat
Percentile par nombre de réponses
Votre historique - résultats
Vous n’avez pas pris ce quiz depuis la dernière actualisation